000 00382nam a2200145Ia 4500
008 220217s9999||||xx |||||||||||||| ||und||
020 _a81-88114-23-5
082 _a621.381 5 DUD
100 _aDudeja, Ravi Raja
245 0 _aOp- amps and linear integrated circuits
250 _a2nd
260 _aUmesh publications
_bDelhi
_c2004
300 _b155
650 _aCIRCUITRY
999 _c173899
_d173899